000 01176cam a2200373 a 4500
001 8955
003 FISKH
005 20251211091005.0
008 811007s1982 nyua j 000 1 eng
010 _a 79008024
020 _a0385152922
020 _a0385152930
_qlib. bdg.
020 _a9780385152921
020 _a9780385152938
_q(lib. bdg.)
040 _aDLC
_cDLC
_dDLC
_beng
050 0 0 _aPZ5.L6
_bOn 1982
082 _2398.2
100 1 _aLewis, Shari.
245 1 0 _aOne-minute bedtime stories /
_cby Shari Lewis with Lan O'Kun ; illustrated by Art Cumings.
260 _aNew York :
_bDoubleday,
_c1982.
300 _a47 pages :
_bcolor illustrations ;
_c27 cm
440 0 _aDoubleday balloon books
505 _aN
520 _aA collection of twenty one-minute stories including well-known fairy tales, legends, and fables.
521 8 _a550
_bLexile estimate
521 8 _aN
_bRaz-Plus
650 0 _aChildren's literature.
650 1 _aLiterature
_xCollections.
700 1 _aO'Kun, Lan.
700 1 _aCumings, Art,
_eillustrator
906 _a7
_bcbc
_corignew
_d1
_eocip
_f19
_gy-gencatlg
942 _2ddc
_cBK
_n0
999 _c8955
_d8955